000 00232nam a22000857a 4500
008 161212b xxu||||| |||| 00| 0 eng d
100 _91994
_aCBSE
245 _aF.A. Foundation of Information Technology-IX
260 _aNew Delhi
_bCBSE
_c2010
999 _c4829
_d4829